METODIKA DYNAMICKÝCH KONCOVÝCH PRVKOV V ŠPORTOVÝCH HRÁCH

Bibliographic Details
Main Author: Rovný, Miroslav, 1921-1991 (Author)
Format: Article
Language:Slovak

MARC

LEADER 00000nab a2200000uu 4500
001 vtls010901487
003 SK-MaSNL
005 20260304012142.0
008 230222|1969 xo |||||||||||||||||slo|
015 |a SNBRB 
035 |a (urnnbn)urn:nbn:sk:snk:ar-a07n2s 
035 |a (uuid)12180a8e-722c-4c5c-8b70-f25247b233e6 
035 |a urn:nbn:sk:snk-ab8syv 
040 |a SNKBUCL  |b slo  |c SNKBUCL  |e AACR2 
041 0 |a slo 
044 |a xo  |c SK 
100 1 |a Rovný, Miroslav,  |d 1921-1991  |4 aut  |9 113729 
245 1 0 |a METODIKA DYNAMICKÝCH KONCOVÝCH PRVKOV V ŠPORTOVÝCH HRÁCH  |c Miroslav Rovný 
773 0 |t Acta Facultatis Educationis Physicae Universitatis Comenianae  |g Roč. 9, č. 9 (1969), s. 25-26 
954 |a odborná, vedecká literatúra pôvodná (slovenská)  |2 lita 
958 |a OND 
958 |a EUIPO 
958 |a article10 
999 |c 2570121  |d 2572051